Central Library OPAC University of Rajshahi

কবিকঙ্কণ চণ্ডী / (Record no. 82537)

MARC details
000 -LEADER
fixed length control field 00847nam a2200217 a 4500
001 - CONTROL NUMBER
control field 82537
003 - CONTROL NUMBER IDENTIFIER
rucl marc code BD-RjUL
005 - DATE AND TIME OF LATEST TRANSACTION
control field 20231226105757.0
008 - FIXED-LENGTH DATA ELEMENTS--GENERAL INFORMATION
fixed length control field 231226s1925 ii ||||| |||| 00| 0 ben d
035 ## - SYSTEM CONTROL NUMBER
System control number (BD-RjUL)82537
040 ## - CATALOGING SOURCE
Original cataloging agency BD-RjUL
Language of cataloging ben
Transcribing agency BD-RjUL
041 ## - LANGUAGE CODE
Language code of text/sound track or separate title ben
082 ## - DEWEY DECIMAL CLASSIFICATION NUMBER
Edition number 23
Classification number 294.5433
Author mark and year BAK 1925
100 ## - MAIN ENTRY--PERSONAL NAME
Personal name বন্দ্যোপাধ্যায়, চারুচন্দ্র
9 (RLIN) 10690
245 10 - TITLE STATEMENT
Title কবিকঙ্কণ চণ্ডী /
Statement of responsibility, etc. চারুচন্দ্র বন্দ্যোপাধ্যায়
260 ## - PUBLICATION, DISTRIBUTION, ETC. (IMPRINT)
Place of publication, distribution, etc. কলিকাতা :
Name of publisher, distributor, etc. ইউনিভারসিটি,
Date of publication, distribution, etc. ১৯২৫
300 ## - PHYSICAL DESCRIPTION
Pagination ৬০৪, ৬২ পৃ.;
Size ২৫ সেমি.
650 ## - SUBJECT ADDED ENTRY--TOPICAL TERM
Topical term or geographic name as entry element চণ্ডী (হিন্দু দেবতা)
9 (RLIN) 10692
Topical term or geographic name as entry element Caṇḍi (Hindu deity)
9 (RLIN) 10567
942 ## - ADDED ENTRY ELEMENTS (KOHA)
Source of classification or shelving scheme Dewey Decimal Classification
Koha item type Books
Holdings
Lost status Source of classification or shelving scheme Damaged status Not for loan Collection code Permanent Location Current Location Shelving location Date acquired Source of acquisition Cost, normal purchase price Total Checkouts Full call number Date last seen Copy number Koha item type
  Dewey Decimal Classification   Not For Loan Non-fiction Central Library, University of Rajshahi Central Library, University of Rajshahi Reading Room 13/02/1958 Calcutta : Kamla Book 7.50   B 294.5433 BAK 1925 26/12/2023 C-1 Books